Państwa Azji w 90 sekund - Statystyki

Ogólne statystyki
  • Ten quiz został rozwiązany 17 razy
  • Średni wynik to 36 z 48
Odpowiedzi na mapie
Odpowiedzi zakodowano w zielono-czerwonej skali na mapie do tego quizu, zgodnie z poniższymi procentami.
 
Statystyki odpowiedzi
Państwo % Poprawnych
Chiny
100%
Irak
100%
Iran
100%
Mongolia
100%
Indie
93%
Indonezja
93%
Japonia
93%
Korea Południowa
93%
Zjednoczone Emiraty Arabskie
93%
Arabia Saudyjska
86%
Filipiny
86%
Gruzja
86%
Jemen
86%
Kazachstan
86%
Korea Północna
86%
Pakistan
86%
Turcja
86%
Afganistan
79%
Bhutan
79%
Izrael
79%
Laos
79%
Nepal
79%
Uzbekistan
79%
Wietnam
79%
Armenia
71%
Azerbejdżan
71%
Cypr
71%
Katar
71%
Oman
71%
Syria
71%
Tajlandia
71%
Turkmenistan
71%
Bahrajn
64%
Bangladesz
64%
Jordania
64%
Kambodża
64%
Kirgistan
64%
Mjanma
64%
Sri Lanka
64%
Tadżykistan
64%
Kuwejt
57%
Malezja
57%
Tajwan (Republika Chińska)
57%
Liban
50%
Singapur
50%
Brunei
43%
Malediwy
43%
Timor Wschodni
36%
Nie znaleziono quizów pasujących do podanych kryteriów
Rozkład punktacji
Procent ludzi z każdym wynikiem
Percentyl według liczby udzielonych odpowiedzi
Twoja historia wyników
Nie rozwiązałeś tego quizu